000 00321nam a2200133Ia 4500
003 OSt
005 20230727055619.0
008 170524s9999 xx 000 0 und d
040 _cIIMT UNIVERSITY
100 _aHERSEY- P
245 0 _aMANAGEMENT OF ORGANIZATION BEHAVIOUR
260 _bHIMALYA PUB. HOUSE
942 _2ddc
_c02
999 _c8050
_d8050